000 00464nam a2200181Ia 4500
008 240925s9999 xx 000 0 und d
020 _a013010695x
082 _a621.395 BIS
100 _aBiswas ,Nripendra N.
245 0 _aLogic Design Theory
250 _aNA
260 _aNew Jersey:
_bPrintice- Hall Int.
_c,1993.
300 _ax,910p.
_bNA
_fOriginal
500 _aIncludes Index
600 _aElectronic Engineering
650 _aTechnology
942 _cBK
999 _c5059
_d5059